000 00248 a2200097 4500
020 _a9789391946067
100 _aNarayan Gangopadhyaya
245 _aAakashakkottaram(ആകാശക്കൊട്ടാരം)
260 _bSPCS
_c2021
942 _cOO
999 _c115404
_d115403